01380nam a2200373 a 4500001001200000003000800012006001900020007001500039008004100054010001700095015001900112016001800131020002500149020002200174040002100196035002100217043001200238050002400250100002000274245009900294260004000393300002200433490003000455504006600485533015200551650003700703650001600740650001800756655002900774710001700803830004300820856012600863999001700989ebr10285205CaPaEBRm u cr cn|||||||||070425s2008 caua sb 001 0 eng c z 2007927662 aGBA7886332bnb7 z0142356552Uk z9781412907934 (hbk.) z1412907934 (hbk.) aCaPaEBRcCaPaEBR a(OCoLC)320052063 ae-uk---14aHT119b.M374 2008eb1 aMcQuire, Scott.14aThe media cityh[electronic resource] :bmedia, architecture and urban space /cScott McQuire. aLos Angeles, Calif. :bSage,c2008. ax, 228 p. :bill.1 aTheory, culture & society aIncludes bibliographical references (p. [207]-220) and index. aElectronic reproduction.bPalo Alto, Calif. :cebrary,d2013.nAvailable via World Wide Web.nAccess may be limited to ebrary affiliated libraries. 0aCities and townszGreat Britain. 0aMass media. 0aArchitecture. 7aElectronic books.2local2 aebrary, Inc. 0aTheory, culture & society (Unnumbered)40uhttp://site.ebrary.com/lib/rucke/Doc?id=10285205zAn electronic book accessible through the World Wide Web; click to view c16832d16832